Notas sobre la crisis económica y financiera de Costa Rica

Uloženo v:
Podrobná bibliografie
Hlavní autor: Sol Castellanos, Jorge
Médium: Text
Vydáno: San José: s.e.
Tagy: Přidat tag
Žádné tagy, Buďte první, kdo vytvoří štítek k tomuto záznamu!

MARC

LEADER 00000 a a2200000 04500
001 22249
003
040
090 |a 151100  
100 |a Sol Castellanos, Jorge  
245 |a Notas sobre la crisis económica y financiera de Costa Rica  
260 |a San José:   |b s.e.  
300 |a 25 p.  
999 |c 14571  |d 14571